| 000 | 01963nea a2200433 i 4500 | ||
|---|---|---|---|
| 001 | 196752 | ||
| 003 | SpMaBN | ||
| 005 | 20250107182108.0 | ||
| 007 | aj aanzn | ||
| 008 | 241104s1799 fr bdez e fre | ||
| 016 | 7 |
_abicaBNE20050043412 _zAMER89003730 _2SpMaBN |
|
| 034 | 1 |
_aa _b766284 |
|
| 035 | _a(SpMaBN)bica0000078269 | ||
| 035 | _a(OCoLC)733733933 | ||
| 035 | _a991037196619708606 | ||
| 040 |
_aSpMaBN _bspa _cSpMaBN _erdc |
||
| 080 |
_a(7) _22015 |
||
| 245 | 0 | 0 |
_aCôte Nord-ouest de l'Amerique _h[Material Cartográfico], _breconnue par le Cap. Vancouver, VI.e. Partie, depuis 50º45' de Latitude Seple. et 219º30' de Longde, jusqu'a 59º56' de Late et 212º8' de longde. |
| 255 | _aEscala [ca. 1:766.284] | ||
| 260 |
_a[A Paris] : _b[De L'Imprimerie de la République], _c[1799] |
||
| 300 |
_a1 mapa ; _c92 x 65 cm |
||
| 336 |
_aImagen (cartográfica ; fija ; bidimensional ; visual) _2rdacontent |
||
| 337 |
_asin mediación _2rdamedia |
||
| 338 |
_2rdacarrier _avolumen |
||
| 500 | _aIndica la derrota de los navíos en 1794 con las fechas | ||
| 501 | _aInserta: "Plan de Port Chalmers". - Escala [ca. 1:86.133] 2 millas marinas [=4,3 cm] | ||
| 507 | _aEscala calculada a partir de 1 grado de latitud | ||
| 522 | _aAbarca parte de la costa meridional de Alaska | ||
| 596 | _aDatos y año de edición tomados del atlas en el que se encuentra el mapa | ||
| 611 | 2 | 0 |
_a Vancouver, Expedición de, _d1791-1795 _9239420 |
| 651 | 0 |
_aAmérica del Norte _vMapas _2embne _9239286 |
|
| 655 | 4 |
_aMapas topográficos- _yS. XVIII _9239293 |
|
| 700 | 0 |
_aVancouver, George, _d1757-1798 _9113045 |
|
| 710 |
_aImprimerie de la République (Francia) _9239285 |
||
| 852 |
_aES-MaACL _cDEPO2 _dOlim: B-6988 _dOlim: 155-A-2 _jGF-116(8) _9204452 _xEncuadernado con otros mapas formando un volumnen facticio. |
||
| 942 |
_2udc _n0 _cCARTOGRAFI |
||
| 999 |
_c196752 _d196752 |
||